000 00886cam a2200241 4500
001 ##L131202
002 ##9072
008 050720n2005 000 0 eng u
020 _a0727733818
035 _a(Sirsi) u131202
041 0 _aeng
050 0 4 _a624.04 $2 18
110 2 _aInstitution of Civil Engineers
_91402
245 _aProcurement and contract strategies
260 _aLondon
_bThomas Telford
_c2005
300 _aiv, 21p.
_c30cm.
350 _a15
490 _aNew Engineering Contract (Third Edition)
_vProcurement and Contract Strategies (First Edition)
520 _aThis guide aims to help users choose the appropriate document from the NEC3 suite of contracts.
650 2 4 _aNEW ENGINEERING CONTRACT (THIRD EDITION)
690 _aBUILT ENVIRONMENT-BUILDING CONTRACT FORMS-STANDARD FORMS OF BUILDING CONTRACT-NEW ENGINEERING CONTRACT CONTRACTS
942 _n0
999 _c104683
_d104683